Business Writing : Its Growing Importance in the ESP Syllabus

Bibliographic Details
Main Author: Zelenková, Anna (Author)
Format: Article
Language:English
ISBN:8096738860

MARC

LEADER 00000naa a2200000uu 4500
001 vtls010938619
003 SK-MaSNL
005 20260302120607.0
008 210902|1995 xo |||||||||||||||||eng|
015 |a SNBRA 
035 |a (urnnbn)urn:nbn:sk:snk:ar-a0b9uq 
035 |a (uuid)c1ed75b5-c60b-4d51-8ff7-bc5e10e62261 
035 |a urn:nbn:sk:snk-aau267 
040 |a SNKBUCL  |b slo  |c SNKBUCL  |e AACR2 
041 0 |a eng 
044 |a xo  |c SK 
100 1 |a Zelenková, Anna  |4 aut  |9 20554 
245 1 0 |a Business Writing : Its Growing Importance in the ESP Syllabus  |c Anna Zelenková 
773 0 |t Making ESP Work  |d Bratislava : British Council, 1995  |g S. 89-91  |z 8096738860 
958 |a OND 
958 |a article11 
958 |a chapter 
999 |c 1270229  |d 1272159